[Event "Challenge"]
[Site "http://www.queenalice.com/game.php?id=156336"]
[Date "2007.1.20"]
[Round "-"]
[White "Cristianopesoa"]
[Black "lweimann"]
[Result "0-1"]
[WhiteElo "1167"]
[BlackElo "1386"]

1. e4 Nc6 2. Nf3 d6 3. d4 Bg4 4. Bc4 Bxf3 5. Qxf3 Nh6 6. Bxh6 e6 7. Nc3 Nxd4 8.
Qd3 c5 9. Bf4 e5 10. Bg3 Qb6 11. Na4 Qb4+ 12. Nc3 b6 13. O-O Qxb2 14. Bd5 Nxc2
15. Bc6+ Kd8 16. Na4 c4 17. Qxc4 Qd4 18. Qxf7 Be7 19. Qxg7 Rf8 20. Bxa8 Nxa1 21.
Rxa1 Qxa1# 0-1

[Event "Challenge"]
[Site "http://www.queenalice.com/game.php?id=156343"]
[Date "2007.1.20"]
[Round "-"]
[White "MIngu"]
[Black "lweimann"]
[Result "1-0"]
[WhiteElo "1745"]
[BlackElo "1500"]

1. d4 d5 2. c4 c6 3. Nf3 Bg4 4. Ne5 Be6 5. cxd5 Bxd5 6. e4 Qa5+ 7. Bd2 Qc7 8.
exd5 cxd5 9. Bb5+ Nc6 10. Qa4 O-O-O 11. Bxc6 Nh6 12. Qxa7 bxc6 13. Qa8+ Qb8 14.
Qxc6+ Qc7 15. Qa8+ Qb8 16. Qa4 Qxb2 17. O-O Qxa1 18. Qa8+ Kc7 19. Ba5+ Kd6 20.
Qc6# 1-0

[Event "Challenge"]
[Site "http://www.queenalice.com/game.php?id=157979"]
[Date "2007.1.23"]
[Round "-"]
[White "danco69"]
[Black "lweimann"]
[Result "0-1"]
[WhiteElo "1437"]
[BlackElo "1417"]

1. e4 e5 2. d4 d6 3. dxe5 dxe5 4. f4 Nc6 5. fxe5 Nxe5 6. Qxd8+ Kxd8 7. Nc3 Bb4
8. Nf3 Bxc3+ 9. bxc3 Ng6 10. Ng5 Nh6 11. Bc4 Ne5 12. O-O f6 13. Ne6+ Bxe6 14.
Bxe6 Re8 15. Rd1+ Ke7 16. Bd5 c6 17. Bxh6 gxh6 18. Bb3 Rad8 19. Rxd8 Rxd8 20. a4
a5 21. c4 Ng4 22. c3 Rg8 23. c5 Rg5 24. h3 Ne3 25. g4 Rxc5 26. Bg8 Rxc3 27. Bxh7
Nc4 28. g5 Rg3+ 29. Kh2 Rxg5 30. Rb1 b5 31. axb5 cxb5 32. Rxb5 Rxb5 33. Kg3 a4
34. Bf5 a3 0-1

[Event "Challenge"]
[Site "http://www.queenalice.com/game.php?id=158971"]
[Date "2007.1.25"]
[Round "-"]
[White "lweimann"]
[Black "Econochess"]
[Result "1-0"]
[WhiteElo "1477"]
[BlackElo "1522"]

1. e3 c6 2. Nf3 d5 3. d4 Nf6 4. Bd3 Nbd7 5. O-O g6 6. c3 Bg7 7. Nbd2 O-O 8. Nb3
Re8 9. Bd2 e6 10. Re1 Bf8 11. Re2 c5 12. Bb5 a6 13. Bxd7 Qxd7 14. Qe1 cxd4 15.
cxd4 b5 16. Rc1 Bb7 17. Rc2 Rac8 18. Nc5 Bxc5 19. dxc5 Ne4 20. Ne5 Qc7 21. f4
Nxd2 22. Rexd2 Re7 23. c6 Ba8 24. Rc5 f6 25. Nd7 f5 26. Nf6+ Kg7 27. Qh4 Rh8 28.
Qg5 Kf8 29. Rdc2 Qa5 30. Rc1 Qc7 31. Nd7+ Ke8 32. Qf6 Rg8 33. h3 Rf7 34. Qxe6+
1-0

[Event "Challenge"]
[Site "http://www.queenalice.com/game.php?id=162073"]
[Date "2007.2.1"]
[Round "-"]
[White "lweimann"]
[Black "Delferrer"]
[Result "0-1"]
[WhiteElo "1378"]
[BlackElo "1450"]

1. e3 e5 2. Ne2 Nc6 3. Ng3 d5 4. Bb5 Bd7 5. O-O g6 6. e4 d4 7. Bxc6 Bxc6 8. d3
h6 9. Nd2 Nf6 10. Nb3 b6 11. c3 dxc3 12. bxc3 Bg7 13. f3 Ba4 14. d4 exd4 15.
cxd4 O-O 16. Be3 c6 17. e5 Nd5 18. Bf2 b5 19. Qd2 Bxb3 20. axb3 a5 21. Rfc1 Nb4
22. Qc3 f5 23. Qd2 Rf7 24. Ra3 Bxe5 25. Qxh6 Bg7 26. Qe3 Nd5 27. Qd2 f4 28. Ne2
g5 29. Rxc6 b4 30. Ra4 Qd7 31. Rc5 Qd8 32. g3 Nb6 33. Ra1 Rd7 34. Rcxa5 Rxa5 35.
Rxa5 Nd5 36. gxf4 gxf4 37. Rb5 Qg5+ 38. Kh1 Qh5 39. Rb8+ Kf7 0-1

[Event "AUTO-INT-336"]
[Site "http://www.queenalice.com/game.php?id=164187"]
[Date "2007.2.6"]
[Round "1"]
[White "charles31"]
[Black "lweimann"]
[Result "1-0"]
[WhiteElo "1621"]
[BlackElo "1413"]

1. e4 e5 2. Nf3 d6 3. d4 Nc6 4. d5 Nce7 5. c3 Bg4 6. Be2 Nf6 7. h3 Bxf3 8. Bxf3
Qd7 9. Bg5 Nfg8 10. Na3 O-O-O 11. Be3 f5 12. Qd3 f4 13. Bxa7 Re8 14. Qc4 b6 15.
Bxb6 Kd8 16. Ba5 Ng6 17. Bg4 Qe7 18. Qb5 Qg5 19. Qb8+ Ke7 20. Qxc7+ Kf6 21. Qd7
Ra8 22. Qe6# 1-0

[Event "AUTO-INT-336"]
[Site "http://www.queenalice.com/game.php?id=164188"]
[Date "2007.2.6"]
[Round "1"]
[White "lweimann"]
[Black "charles31"]
[Result "0-1"]
[WhiteElo "1336"]
[BlackElo "1581"]

1. e3 e5 2. Ne2 d5 3. c3 e4 4. Ng3 Nf6 5. d4 c6 6. Nd2 Bd6 7. Nh5 Bg4 8. Be2
Bxh5 9. Bxh5 g6 10. Be2 Qc7 11. b4 h5 12. O-O Bxh2+ 13. Kh1 Bg3 14. Kg1 g5 15.
Re1 g4 16. Nf1 Bh4 17. Qb3 Bg5 18. f3 g3 19. f4 Bh6 20. Nxg3 h4 21. Nh5 Nxh5 22.
Bxh5 Nd7 23. Bd2 Bxf4 24. exf4 Rxh5 25. Qd1 Rh7 26. Qg4 O-O-O 27. Qf5 Rdh8 28.
Re3 Rg7 29. c4 Rhg8 30. Re2 Kb8 31. cxd5 h3 32. Qxe4 Nf6 33. Qf3 cxd5 34. Qxh3
Qc4 35. Qe3 Qc8 36. a4 Ne4 37. Qf3 Rh8 38. f5 Rgh7 39. Bf4+ Ka8 40. Rc1 Rh1# 0-1

[Event "AUTO-INT-336"]
[Site "http://www.queenalice.com/game.php?id=164203"]
[Date "2007.2.6"]
[Round "1"]
[White "Iancopoulus"]
[Black "lweimann"]
[Result "1-0"]
[WhiteElo "1534"]
[BlackElo "1441"]

1. Nc3 d5 2. d4 e6 3. e4 c6 4. Nf3 Ne7 5. Bd3 Ng6 6. h4 Nf4 7. Bxf4 Bb4 8. a3
Bxc3+ 9. bxc3 O-O 10. e5 Nd7 11. Bxh7+ Kxh7 12. Ng5+ Kg6 13. h5+ Kh6 14. Qd3
Qxg5 15. Bxg5+ Kxg5 16. Qd2+ Kf5 17. Rh4 g5 18. Qd3# 1-0

[Event "AUTO-INT-336"]
[Site "http://www.queenalice.com/game.php?id=164204"]
[Date "2007.2.6"]
[Round "1"]
[White "lweimann"]
[Black "Iancopoulus"]
[Result "0-1"]
[WhiteElo "1397"]
[BlackElo "1547"]

1. e3 Nf6 2. Ne2 g6 3. Ng3 Bg7 4. d4 O-O 5. Bc4 d5 6. Bd3 Nc6 7. Bb5 Re8 8. Bxc6
bxc6 9. O-O e5 10. Nd2 e4 11. c4 Qe7 12. c5 Ba6 13. Re1 Bd3 14. b4 a5 15. Qa4
axb4 16. Qxc6 Reb8 17. f4 Ra7 18. Ngxe4 dxe4 19. Nxe4 Bxe4 20. d5 Bxd5 21. Qxf6
Bxf6 22. Rb1 Qe4 23. Bd2 Qxg2# 0-1

[Event "AUTO-INT-336"]
[Site "http://www.queenalice.com/game.php?id=164213"]
[Date "2007.2.6"]
[Round "1"]
[White "xestter"]
[Black "lweimann"]
[Result "1-0"]
[WhiteElo "1486"]
[BlackElo "1354"]

1. d4 d5 2. g3 Nd7 3. Bg2 c6 4. Nf3 Nb6 5. O-O Bg4 6. Nbd2 e6 7. h3 Bxf3 8. Nxf3
Bd6 9. Re1 Ne7 10. a3 O-O 11. b4 Ng6 12. Bb2 Nc4 13. Bc3 b5 14. Qd3 a5 15. bxa5
Nxa5 16. Bb4 Bxb4 17. axb4 Nc4 18. Rxa8 Qxa8 19. Qc3 Qa2 20. Ra1 Qb2 21. Qxb2
Nxb2 22. Ra6 Rc8 23. e3 f5 24. Ng5 Nf8 25. g4 h6 26. Nf3 Nd7 27. gxf5 exf5 28.
Nh4 Nb8 29. Ra2 Nc4 30. Nxf5 Rf8 31. Ra8 Rxf5 32. Rxb8+ Kh7 33. e4 Rf6 34. exd5
cxd5 35. Bxd5 Nb6 36. Be4+ g6 37. Rb7+ Kg8 38. d5 g5 39. Kg2 Rd6 40. Kg3 Kf8 41.
Kg4 Ke8 42. Kf5 Kd8 43. Ke5 Nc4+ 44. Kd4 Kc8 45. Rxb5 Nd2 46. Rc5+ Kd7 47. Kd3
Nxe4 48. Kxe4 Rb6 49. c3 Kd6 50. Rc6+ Rxc6 51. dxc6 Kxc6 52. c4 h5 53. b5+ Kc5
54. Kf5 g4 55. hxg4 h4 56. Kf4 h3 57. Kg3 h2 58. Kxh2 Kb6 59. g5 Kc5 60. f4 Kxc4
61. b6 Kd4 62. b7 Ke4 63. b8=Q Kf5 64. Qe5+ Kg4 65. g6 Kf3 66. g7 Kf2 67. g8=Q
Kf3 68. Qg3# 1-0

[Event "AUTO-INT-336"]
[Site "http://www.queenalice.com/game.php?id=164214"]
[Date "2007.2.6"]
[Round "1"]
[White "lweimann"]
[Black "xestter"]
[Result "0-1"]
[WhiteElo "1532"]
[BlackElo "1410"]

1. e3 d5 2. d4 a6 3. Ne2 e6 4. Ng3 Nc6 5. Bd3 g6 6. Nd2 Bg7 7. Nb3 Nf6 8. c3 O-O
9. O-O Re8 10. Bd2 e5 11. dxe5 Nxe5 12. Be2 Qd6 13. f4 Nc4 14. Bxc4 dxc4 15. Na5
Bg4 16. Nxc4 Qd3 17. Qb3 b5 18. Ne5 Qxd2 19. Qxf7+ Kh8 20. h3 Qxe3+ 21. Kh2 Be6
22. Rfe1 Qxf4 23. Qxc7 Nd5 24. Qd6 Rad8 25. Qxa6 Bxe5 26. Qxb5 Qxg3+ 27. Kg1
Qh2+ 28. Kf1 Rf8+ 29. Ke2 Qxg2+ 30. Kd1 Ne3+ 31. Kc1 Qc2# 0-1

[Event "Challenge"]
[Site "http://www.queenalice.com/game.php?id=165955"]
[Date "2007.2.9"]
[Round "-"]
[White "Germano"]
[Black "lweimann"]
[Result "1-0"]
[WhiteElo "1539"]
[BlackElo "1474"]

1. e4 e6 2. d4 d5 3. exd5 exd5 4. Nf3 Bg4 5. h3 Bxf3 6. Qxf3 Nc6 7. Bb5 Ne7 8.
Nc3 a6 9. Bxc6+ bxc6 10. Bg5 f6 11. Bd2 Qb8 12. O-O-O Qb6 13. Qg4 c5 14. Nxd5
Nxd5 15. Qh5+ g6 16. Qxd5 Rb8 17. Rhe1+ Be7 18. Rxe7+ Kxe7 19. Re1+ Kf8 20. Bh6#
1-0

[Event "Challenge"]
[Site "http://www.queenalice.com/game.php?id=170432"]
[Date "2007.2.18"]
[Round "-"]
[White "yalokin"]
[Black "lweimann"]
[Result "1-0"]
[WhiteElo "1745"]
[BlackElo "1336"]

1. d4 d5 2. c4 Nf6 3. Bf4 dxc4 4. e3 Bf5 5. Bxc4 Bxb1 6. Rxb1 Nd5 7. Qf3 c6 8.
Nh3 Qb6 9. Bxd5 Qa5+ 10. Ke2 cxd5 11. Rhd1 Qxa2 12. Ng5 e6 13. Bc7 Qc4+ 14. Ke1
Qxc7 15. Rbc1 Qxh2 16. Qxf7+ Kd8 17. Qxb7 Qh1+ 18. Ke2 Qh5+ 19. Nf3 g5 20. Rc8#
1-0

[Event "Challenge"]
[Site "http://www.queenalice.com/game.php?id=172490"]
[Date "2007.2.22"]
[Round "-"]
[White "fabianno"]
[Black "lweimann"]
[Result "1-0"]
[WhiteElo "1445"]
[BlackElo "1327"]

1. c4 e6 2. Nc3 c5 3. Nf3 d5 4. cxd5 exd5 5. d4 c4 6. g3 Bg4 7. Bg2 Ne7 8. O-O
Nf5 9. Qa4+ Nc6 10. Ne5 Bb4 11. Nxd5 Qxd5 12. Bxd5 Bxe2 13. Nxc6 O-O 14. Nxb4 a5
15. Nc2 Bxf1 16. Kxf1 Nd6 17. Bxc4 b5 18. Bxb5 Ra7 19. Bf4 Ne4 20. Re1 Re7 21.
f3 Nd2+ 22. Bxd2 Rxe1+ 23. Kxe1 Re8+ 24. Bxe8 Kf8 25. Qd7 Kg8 26. Qxf7+ Kh8 27.
Qf8# 1-0

[Event "Challenge"]
[Site "http://www.queenalice.com/game.php?id=176568"]
[Date "2007.3.3"]
[Round "-"]
[White "lweimann"]
[Black "yalokin"]
[Result "0-1"]
[WhiteElo "1312"]
[BlackElo "1773"]

1. e3 d5 2. d4 c5 3. Bb5+ Bd7 4. Bxd7+ Nxd7 5. Ne2 g6 6. O-O c4 7. c3 Bg7 8. Nd2
Ngf6 9. b3 b5 10. bxc4 bxc4 11. Bb2 O-O 12. f3 Rb8 13. Ba3 Re8 14. e4 Qa5 15.
Bb4 Qc7 16. e5 Nh5 17. g4 Nhf6 18. exf6 Bxf6 19. f4 Bg7 20. g5 f6 21. h4 e5 22.
fxe5 fxe5 23. dxe5 Qxe5 24. Nd4 Qg3+ 25. Kh1 Be5 26. N2f3 a5 27. Qa4 Bf4 28.
Qxd7 Rbd8 29. Qc6 Be3 30. Qb6 Qh3+ 31. Nh2 axb4 32. Qxb4 Rb8 33. Qd6 Rb2 34.
Qxd5+ Kh8 35. Qd6 Qg2# 0-1

[Event "Challenge"]
[Site "http://www.queenalice.com/game.php?id=178576"]
[Date "2007.3.8"]
[Round "-"]
[White "Celestina"]
[Black "lweimann"]
[Result "0-1"]
[WhiteElo "1204"]
[BlackElo "1312"]

1. d4 d5 2. e3 Nd7 3. Nc3 e6 4. Nf3 Bb4 5. Qd3 c5 6. Bd2 c4 7. Qe2 Qb6 8. Nh4 g5
9. Nf3 h6 10. Na4 Qd6 11. c3 Ba5 12. h3 Ne7 13. g4 f5 14. gxf5 exf5 15. Bg2 g4
16. hxg4 fxg4 17. Nh4 h5 18. f3 Nf6 19. Nc5 b6 20. Na4 Bd7 21. Bh3 gxh3 22. f4
Ne4 23. b3 cxb3 24. O-O Ng3 25. Qf3 Rg8 26. Rf2 Ngf5+ 27. Kf1 Nxh4 28. Qxh5+
Neg6 29. Qh7 Bb5+ 30. Ke1 O-O-O 31. Nb2 bxa2 32. f5 Qg3 33. fxg6 Nf3+ 34. Kd1
Qxf2 35. Kc2 Qxd2+ 36. Kb3 Qxc3+ 37. Kxa2 Bc4+ 38. Kb1 Nd2# 0-1

[Event "Challenge"]
[Site "http://www.queenalice.com/game.php?id=182549"]
[Date "2007.3.15"]
[Round "-"]
[White "technicaldraw"]
[Black "lweimann"]
[Result "1-0"]
[WhiteElo "1944"]
[BlackElo "1312"]

1. e4 e5 2. Nf3 d6 3. d4 Bg4 4. dxe5 dxe5 5. Qxd8+ Kxd8 6. Be2 Nd7 7. Be3 Ne7 8.
Nc3 f6 9. O-O-O Nc6 10. h3 Bxf3 11. Bxf3 Bb4 12. Rd3 Bxc3 13. bxc3 Re8 14. Rhd1
Re7 15. Bg4 Nb8 16. Bc5 Rf7 17. Be6 Ke8 18. Bxf7+ Kxf7 19. Rxd7+ Nxd7 20. Rxd7+
Kg6 21. Rxc7 b6 22. Be3 f5 23. exf5+ Kxf5 24. Rxg7 Rc8 25. Rxh7 Rxc3 26. Rxa7 e4
27. g4+ Kg6 28. h4 Rc8 29. h5+ Kf6 30. h6 Kg6 31. h7 Rh8 32. Bxb6 Rxh7 33. Rxh7
Kxh7 34. a4 e3 35. fxe3 Kg6 36. a5 Kg5 37. a6 Kxg4 38. a7 Kf3 39. a8=Q+ 1-0

[Event "Challenge"]
[Site "http://www.queenalice.com/game.php?id=182550"]
[Date "2007.3.15"]
[Round "-"]
[White "lweimann"]
[Black "technicaldraw"]
[Result "0-1"]
[WhiteElo "1312"]
[BlackElo "1964"]

1. e3 e5 2. Be2 d5 3. d4 exd4 4. exd4 Nc6 5. Bb5 Bd7 6. Ne2 Bd6 7. O-O Nf6 8.
Bg5 O-O 9. Qd2 Be7 10. Nf4 h6 11. Bxf6 Bxf6 12. Nxd5 a6 13. Bxc6 Bxc6 14. Nxf6+
Qxf6 15. Qe3 Rfe8 16. Qc3 Qg6 17. g3 Qg4 18. Nd2 Qh3 19. f3 Re2 20. Rf2 Rxf2 21.
Kxf2 Qxh2+ 22. Ke3 Re8+ 23. Ne4 Qxg3 24. Ke2 Bxe4 25. fxe4 Rxe4+ 26. Kd2 Qf2+
27. Kd1 Qf1+ 28. Kd2 Re2+ 29. Kd3 Re1+ 30. Kd2 Qe2# 0-1